000 01277nam a2200349Ia 4500
001 CAH00CE3340PDF
003 BD-DhSAU
005 20151012144301.0
006 m|||||o||d||||||||
007 cr||||
008 081020m20089999flua sb 001 0 eng d
020 _a9781420010152 (ebook : PDF)
040 _aBD-DhSAU
_cBD-DhSAU
090 _aQA279
_b.M48 2008
092 _a519.538
_bM654
100 1 _aMilliken, George A.,
_d1943-
245 1 0 _aAnalysis of messy data
_h[electronic resource] /
_cby George A. Milliken, Dallas E. Johnson.
250 _a2nd ed.
260 _aBoca Raton :
_bChapman & Hall/CRC,
_cc2008-
300 _av. <1- > :
_bill.
504 _aIncludes bibliographical references and index.
505 1 _av. 1. Designed experiments
530 _aAlso available in print edition.
_bCRC Press (http://www.crcpress.com)
538 _aMode of access: World Wide Web.
650 0 _aAnalysis of variance.
650 0 _aExperimental design.
650 0 _aSampling (Statistics)
655 7 _aElectronic books.
_2lcsh
700 1 _aJohnson, Dallas E.,
_d1938-
776 1 _z9781584883340
856 4 0 _uhttp://marc.crcnetbase.com/isbn/9781420010152
_qapplication/PDF
999 _c11249
_d11248